Statistics for New York Knicks All-Time Starting 5

Click here to take the quiz!

General Stats

  • This quiz has been taken 194 times
  • The average score is 4 of 7

Answer Stats

PositionPlayer% Correct
CPatrick Ewing
96%
6th ManCarmelo Anthony
87%
PGWalt Frazier
78%
PFWillis Reed
64%
SFBernard King
42%
SGEarl Monroe
29%
CoachRed Holzman
14%

Score Distribution

Percentile by Number Answered

Percent of People with Each Score

Your Score History

You have not taken this quiz